Quizzes
Events
Quiz Creation
Community
Videos
Private Events
Remove Ads
Sign In
Join for FREE
Feedback
Dark Mode
Quiz Categories
Sports
Geography
Music
Movies
Television
Just For Fun
Miscellaneous
History
Literature
Language
Science
Gaming
Entertainment
Religion
Holiday
For Kids
Quiz Lab
Recent
Popular Today
Quiz Kudos Today
Editor Picks
Curator Picks
Quizzes by...
Day
Popularity
Type
Ratings
Length
Year
Community
Subscriptions
Recent Discussions
Orange Saloon
Badges
Playlists
Quests
Create
Leaderboards
Showdown
Live 5
Trivia Bingo
Activity
Puzzle Library
Sporcle Events
Private Events
Virtual Trivia
Globe League
Become a Host
Pub Owners
SporcleCon
Opinionation
Our Games
Videos
Blog
Mobile Apps
Partnerships
Remove Ads and Go Orange
Feedback
Language
Vocabulary
Begins and Ends
Definition
Spanish
French
German
Italian
Chinese
Latin
Translation
Japanese
Language
Vocabulary
Begins and Ends
Definition
Spanish
French
German
Italian
Chinese
Latin
Translation
Japanese
Random Quiz
Search Sporcle
×
Quiz Lab
Quiz Lab
Language
Spanish
Type in answers that appear in a list
Type in answers that appear in a list
Classic
Best Score? Go Orange.
Spanish adjective agreement Stats
Can you name the Spanish adjective agreement?
By
profetrotamundos
5m
20 Questions
6,647 Plays
6,647 Plays
6,647 Plays
Comments
Comments
Give Quiz Kudos
Give Quiz Kudos
-
- Ratings
hide this ad
Forced Order
Answers have to be entered in order
Answers have to be entered in order
Replay
Link that replays current quiz
Next Quiz
Link to next quiz in quiz playlist
You Got
0%
They Got
Avg Score
85%
Avg Friend Score
Upgrade to see
Score Distribution
Jump to the score distribution portion of the page
Score
0/20
Timer
05:00
0
Plays Today
Adjective
Correct form
% Correct
Ellos (bueno)
buenos
98.1%
Las chicas (simpático)
simpáticas
92.3%
El tocino (malo)
malo
90.5%
Las zanahorias (saludable)
saludables
89.6%
Los guisantes (horrible)
horribles
89.1%
La leche (saludable)
saludable
89%
Las judías verdes (bueno)
buenas
87%
Los pasteles (sabroso)
sabrosos
86.7%
La mantequilla (horrible)
horrible
86.6%
El arroz (bueno)
bueno
86.2%
Adjective
Correct form
% Correct
El jugo de zanahoria (malo)
malo
85%
Las papas (sabroso)
sabrosas
84.7%
Los tomates (saludable)
saludables
84.4%
Los plátanos (bueno)
buenos
84.3%
La profesora (gracioso)
graciosa
82.3%
Los estudiantes (inteligente)
inteligentes
81.5%
El chico (estudioso)
estudioso
81%
El desayuno (sabroso)
sabroso
76.7%
Mis padres (ordenado)
ordenados
76.6%
La chica (trabajador)
trabajadora
76.3%
Quiz Playlist
Details
Report
Send in Message
Add To Playlist
Classic:
Type in answers that appear in a list
Forced Order:
Answers have to be entered in order
Last Updated: Feb 16, 2017
Quiz Scoreboard
CHALLENGE
Sign Up to Join the Scoreboard
Show All
Scores
Hide
Comments
May contain spoilers
Recently Published
Movies - When Are They Set?
by FPL_Elf
Movies
5m
Popular People in 1961
by mucciniale
History
6m
1-10 Letter E Words III
by El_Dandy
Language
2m
More to Explore
Quiz From the Vault
Featured Blog Post
Where Did the Easter Bunny Come From?
hide this ad
You Might Also Like...
Tags
Spanish Quiz
Adjective
Agreement
form
Today's Top Quizzes in Language
Browse Language
hide this ad
Today's Top Quizzes in Spanish
Browse Spanish
Top Contributed Quizzes in Language
1
Order Up: Top 10 Most Native Spoken Languages
2
1-10 Letter F Words III
3
1-10 Letter G Words III
4
1-10 Letter H Words III
5
1-10 Letter I Words III
6
One Thing in Common: Italy
7
1-10 Letter J Words III
8
Weisst du, aus welchen Sprachen diese Wörter stammen?
9
Hiragana Speed Reading
10
Begins and Ends With AN
Explore More
Trending Topics
Harry Potter
Anime
Crossword
Marvel
Kpop
Disney
NBA
Song
NFL
WWE
The Office
Pokémon
Soccer
Country
Puzzle
hide this ad
More By:
profetrotamundos
Quiz
Plays
Rating
Category
Featured
Created
Spanish adjective agreement
6,647
5.00
Language
Feb 9, 2012
Spanish food vocabulary
155
3.00
Language
Feb 5, 2012
Go to Creator's Profile
Score Distribution
Quiz Creator Spotlight
profetrotamundos
Follow
Send a Message
Quizzes Created
-
Created Quiz Play Count
-
More By This Creator
Popular Quizzes Today
1
Find the Countries of Europe - No Outlines Minefield
2
Find the US States - No Outlines Minefield
3
The Countries of the World
4
Popular People in 1961
5
1-10 Letter E Words III
6
US States
7
Find the US States
8
One Thing in Common: World Cities II
More Language Quizzes
NHL Teams in French
Curator's Pick
Trending Quizzes
Risky Map Clicking: Least Populous States A-Z
Humor Books: The Subtitles
1-10 Letter F Words
1-10 Letter G Words
One Thing in Common: United Kingdom
Recently Updated
Leaping Animals
pecheneg
Reality TV Shows (A-Z)
bhenderson79
Rickey Henderson's Hall of Fame Teammates
pecheneg
Champions League XIs: Arsenal
pecheneg
Quick Pick: Celebrities in WWE's Hall of Fame
aduchscher
A-Z Keypad Blitz II
pecheneg
Multiple Oscar Actors
pecheneg
Mystery Phrase Blitz: Oscar 'Best Actors'
pecheneg
F. Scott Fitzgerald Novels
LTH
Pick 3 Villains
ddd62291
Trending Topics
Anime
NBA
Disney
Crossword
Harry Potter
Marvel
Kpop
Country
Song
WWE
Puzzle
The Office
NFL
Pokémon
Soccer
Your Account Isn't Verified!
In order to create a playlist on Sporcle, you need to verify the email address you used during registration. Go to your
Sporcle Settings
to finish the process.
Report this User
Report this user for behavior that violates our
Community Guidelines
.
Details:
Send Report
Go to the Sporcle.com Mobile Site →
Comments